000 00531nab a2200193 a 4500
001 132224
003 223903
005 20201118121901.0
008 ||||||n9999 ||| || ||
100 _aBarros Leal, César
245 0 _aEl mito sobreviviente de la rehabilitación: una perspectiva desde la dimensión de los derechos humanos
260 _aCosta Rica :
300 _app.75-87
562 _e0
650 _aPRISIONES
650 _aRESOCIALIZACIÓN
773 _0132076
_aRevista IIDH - No.54
942 _cSART
999 _c132224
_d132224